000 00321nam a2200133Ia 4500
008 210312s9999||||xx |||||||||||||| ||und||
041 _aosm
050 _aPL234
050 _bN42.N43
100 _aHalil Nihad
245 0 _aNedim divanı
260 _c1338
650 _aEdebiyat--Türk edebiyatı--Divan edebiyatı--Şiir
999 _c22166
_d22166